[Event "Aeroflot Open 2016 B"]
[Site "Moscu RUS"]
[Date "2016.03.08"]
[Round "8.27"]
[White "Liu, Chang"]
[Black "Ovod, Evgenija"]
[Result "0-1"]
[WhiteElo "2378"]
[BlackElo "2324"]
[PlyCount "108"]
[EventDate "2016.03.01"]
[EventType "swiss"]
[EventRounds "9"]
[EventCountry "RUS"]
[Source "lmi"]
[SourceDate "2016.03.01"]

1. e4 e6 2. Qe2 c5 3. Nf3 Nc6 4. g3 g6 5. Bg2 Bg7 6. O-O Nge7 7. d3 O-O 8. c3
d6 9. Na3 e5 10. Nc2 h6 11. Rd1 Bg4 12. h3 Bxf3 13. Bxf3 Kh7 14. h4 f5 15. h5
f4 16. hxg6+ Nxg6 17. Kg2 Qf6 18. Rh1 Rf7 19. Bd2 Rg8 20. Rh5 Bf8 21. Rah1 Nge7
22. Bg4 Rg5 23. Rxg5 Qxg5 24. Ne1 Rg7 25. f3 Qf6 26. Kf1 Rg5 27. gxf4 exf4 28.
Qh2 Ng6 29. Bf5 Rxf5 30. exf5 Qxf5 31. Qh3 Qf7 32. b3 Bg7 33. Qc8 Nce5 34. Ke2
b6 35. d4 Ne7 36. Qc7 cxd4 37. cxd4 N5g6 38. Nc2 Qe6+ 39. Kd1 Qd5 40. Qc3 Nf5
41. Re1 h5 42. Qd3 a5 43. Re4 Bh6 44. Ke1 Bg5 45. Kf2 Kh6 46. Qc4 Qb7 47. Qg8
Bh4+ 48. Kg1 Bg3 49. Re6 Ng7 50. Qh8+ Kg5 51. Qd8+ Kh6 52. Qh8+ Kg5 53. Qh7
Qxf3 54. Qxg6+ Kh4 0-1

[Event "Aeroflot Open 2016 B"]
[Site "Moscu RUS"]
[Date "2016.03.08"]
[Round "8.28"]
[White "Mammadzada, Gunay"]
[Black "Kathmale, Sameer"]
[Result "0-1"]
[WhiteElo "2345"]
[BlackElo "2216"]
[PlyCount "56"]
[EventDate "2016.03.01"]
[EventType "swiss"]
[EventRounds "9"]
[EventCountry "RUS"]
[Source "lmi"]
[SourceDate "2016.03.01"]

1. e4 e6 2. d4 d5 3. Nd2 Nf6 4. e5 Nfd7 5. Bd3 c5 6. c3 Nc6 7. Ne2 cxd4 8. cxd4
f6 9. exf6 Nxf6 10. Nf3 Bd6 11. O-O Qc7 12. Bd2 O-O 13. Rc1 Bd7 14. Ng3 Rae8
15. Re1 Qb6 16. Bc3 Bf4 17. Ra1 e5 18. dxe5 Ng4 19. Re2 Ncxe5 20. Bxe5 Bxe5 21.
Bc4 Kh8 22. Qxd5 Bxg3 23. Qxd7 Rxe2 24. Bxe2 Bxf2+ 25. Kh1 Qxb2 26. Qd1 Bb6 27.
Qf1 Nf2+ 28. Kg1 Nd1+ 0-1

[Event "Aeroflot Open 2016 B"]
[Site "Moscu RUS"]
[Date "2016.03.08"]
[Round "8.29"]
[White "Babujian, Levon"]
[Black "Strelnikov, Sergey"]
[Result "0-1"]
[WhiteElo "2491"]
[BlackElo "2349"]
[PlyCount "102"]
[EventDate "2016.03.01"]
[EventType "swiss"]
[EventRounds "9"]
[EventCountry "RUS"]
[Source "lmi"]
[SourceDate "2016.03.01"]

1. e4 c5 2. Nc3 d6 3. f4 g6 4. Nf3 Bg7 5. Bc4 Nc6 6. O-O e6 7. d3 Nge7 8. f5
exf5 9. Qe1 h6 10. Qh4 Be6 11. exf5 Nxf5 12. Qe4 Qd7 13. Bxe6 Qxe6 14. Bf4
O-O-O 15. Qa4 g5 16. Bd2 Nfe7 17. Rae1 Qd7 18. a3 f5 19. b4 Kb8 20. Kh1 Nd4 21.
bxc5 dxc5 22. Qc4 Nec6 23. Na4 b5 24. Rb1 Ka8 25. Rxb5 Nxb5 26. Qxb5 Nd4 27.
Qa5 Qb5 28. Qxb5 Nxb5 29. Nxc5 Rhe8 30. h4 Rc8 31. Na6 g4 32. Ne1 Bc3 33. Bxc3
Rxc3 34. a4 Nd4 35. Kh2 Re5 36. Kg3 Ra3 37. Nf3 gxf3 38. Rb1 Nb3 39. cxb3 fxg2
40. Kxg2 Re3 41. Rb2 Rxd3 42. Re2 Rc3 43. b4 Rg3+ 44. Kh2 Rh3+ 45. Kg2 Rag3+
46. Kf2 Rh2+ 47. Kxg3 Rxe2 48. b5 Re3+ 49. Kf4 Re4+ 50. Kxf5 Rxh4 51. a5 Ra4
0-1

[Event "Aeroflot Open 2016 B"]
[Site "Moscu RUS"]
[Date "2016.03.08"]
[Round "8.30"]
[White "Ulko, Jaroslav"]
[Black "Raja, Harshit"]
[Result "1-0"]
[WhiteElo "2452"]
[BlackElo "2341"]
[PlyCount "49"]
[EventDate "2016.03.01"]
[EventType "swiss"]
[EventRounds "9"]
[EventCountry "RUS"]
[Source "lmi"]
[SourceDate "2016.03.01"]

1. d4 Nf6 2. Nf3 e6 3. c4 b6 4. a3 Bb7 5. Nc3 Be7 6. d5 exd5 7. cxd5 O-O 8. e4
Re8 9. Bd3 c6 10. O-O d6 11. Nd4 cxd5 12. exd5 Nbd7 13. Nc6 Bxc6 14. dxc6 Ne5
15. Ba6 d5 16. Bb7 Rb8 17. Bf4 Bd6 18. Nb5 Re7 19. Re1 Bc7 20. Qd4 Qe8 21. Nxc7
Nf3+ 22. gxf3 Rxe1+ 23. Kg2 Qe2 24. Rxe1 Qxe1 25. Nxd5 1-0

[Event "Aeroflot Open 2016 B"]
[Site "Moscu RUS"]
[Date "2016.03.08"]
[Round "8.31"]
[White "Tunik, Gennady"]
[Black "Gevorgyan, David Sh"]
[Result "1-0"]
[WhiteElo "2426"]
[BlackElo "2346"]
[PlyCount "89"]
[EventDate "2016.03.01"]
[EventType "swiss"]
[EventRounds "9"]
[EventCountry "RUS"]
[Source "lmi"]
[SourceDate "2016.03.01"]

1. d4 Nf6 2. c4 e6 3. Nf3 d5 4. Nc3 Be7 5. Bf4 O-O 6. e3 Nbd7 7. c5 Ne4 8. Qc2
g5 9. Bg3 f5 10. Nxe4 dxe4 11. Nd2 f4 12. Nxe4 fxg3 13. hxg3 Rf7 14. O-O-O Nf8
15. Bc4 Qe8 16. Rh6 b5 17. Bd3 Bb7 18. Rdh1 Qd7 19. f3 g4 20. f4 Rd8 21. Nf2
Bxg2 22. R1h5 Bf3 23. Bxh7+ Nxh7 24. Rxh7 Bf6 25. Qg6+ Kf8 26. Nd3 Rxh7 27.
Qxf6+ Kg8 28. Rg5+ Rg7 29. Rxg7+ Qxg7 30. Qxd8+ Kh7 31. Qh4+ Kg8 32. Ne5 Qf8
33. Nxg4 Qa8 34. Qg5+ Kh8 35. Qf6+ Kh7 36. Qf7+ Kh8 37. Nf6 Be4 38. Qe8+ Kg7
39. Qxa8 Bxa8 40. Ne8+ Kf7 41. Nxc7 Bc6 42. Kd2 a5 43. Kd3 Ke7 44. e4 b4 45. d5
1-0

[Event "Aeroflot Open 2016 B"]
[Site "Moscu RUS"]
[Date "2016.03.08"]
[Round "8.32"]
[White "Vaishali, R."]
[Black "Ziaziulkina, Nastassia"]
[Result "1/2-1/2"]
[WhiteElo "2337"]
[BlackElo "2401"]
[PlyCount "161"]
[EventDate "2016.03.01"]
[EventType "swiss"]
[EventRounds "9"]
[EventCountry "RUS"]
[Source "lmi"]
[SourceDate "2016.03.01"]

1. Nf3 d5 2. g3 Bg4 3. Bg2 e6 4. c4 c6 5. Qb3 Qb6 6. Nc3 Nd7 7. d4 Ngf6 8. c5
Qxb3 9. axb3 a6 10. b4 O-O-O 11. Bf4 Bxf3 12. Bxf3 h6 13. h4 Re8 14. b5 cxb5
15. Nxb5 e5 16. dxe5 Nxe5 17. Bxe5 Rxe5 18. Nd4 Ne4 19. b4 g6 20. O-O Bg7 21.
Rfd1 Nc3 22. Rd2 Re7 23. Re1 Kc7 24. e3 Ne4 25. Rd3 b6 26. cxb6+ Kxb6 27. Ra1
Ra8 28. Ra5 Rd7 29. Nb3 Rad8 30. Be2 Bc3 31. Rd1 Bxb4 32. Rxa6+ Kc7 33. Rc1+
Nc3 34. Na5 Rd6 35. Ra7+ Kb8 36. Rb7+ Ka8 37. Ra1 Nxe2+ 38. Kf1 Bxa5 39. Rb5
Nxg3+ 40. fxg3 Ra6 41. Ke2 Rd7 42. Rbxa5 Rxa5 43. Rxa5+ Kb7 44. Rc5 Kb6 45. Rc8
Rc7 46. Rd8 Kc5 47. g4 Re7 48. Kf3 Kc4 49. Ra8 Re6 50. Ra4+ Kc5 51. Rf4 Re7 52.
h5 Kd6 53. hxg6 fxg6 54. Rf6+ Re6 55. Rf8 Ke5 56. Rh8 g5 57. Ra8 Rd6 58. Rh8 d4
59. exd4+ Kxd4 60. Re8 Rf6+ 61. Kg3 Kd5 62. Re3 Rc6 63. Re8 Re6 64. Ra8 Re3+
65. Kf2 Rc3 66. Ra6 Rc6 67. Ra5+ Kd4 68. Ra4+ Rc4 69. Ra6 Ke5 70. Rxh6 Kf4 71.
Rf6+ Kxg4 72. Kg2 Rc2+ 73. Kg1 Kg3 74. Rf1 g4 75. Ra1 Rc3 76. Rb1 Kh3 77. Ra1
g3 78. Rb1 Rc2 79. Ra1 Rg2+ 80. Kh1 Rf2 81. Kg1 1/2-1/2

[Event "Aeroflot Open 2016 B"]
[Site "Moscu RUS"]
[Date "2016.03.08"]
[Round "8.33"]
[White "Charochkina, Daria"]
[Black "Qiu, Mengjie"]
[Result "1/2-1/2"]
[WhiteElo "2381"]
[BlackElo "2169"]
[PlyCount "115"]
[EventDate "2016.03.01"]
[EventType "swiss"]
[EventRounds "9"]
[EventCountry "RUS"]
[Source "lmi"]
[SourceDate "2016.03.01"]

1. b3 Nf6 2. Bb2 d5 3. Nf3 Nbd7 4. g3 g6 5. Bg2 Bg7 6. O-O O-O 7. c4 c6 8. cxd5
cxd5 9. Nc3 b6 10. a4 Bb7 11. d4 Rc8 12. Nd2 Nb8 13. Na2 Ne4 14. f3 Nd6 15. e3
b5 16. Re1 bxa4 17. bxa4 Nc6 18. Qe2 Na5 19. Bc3 Ndc4 20. Nxc4 Rxc4 21. Bf1 Bc6
22. Qb2 Rxa4 23. Nb4 Rxa1 24. Rxa1 Ba8 25. Kf2 Nc4 26. Bxc4 dxc4 27. Rxa7 Qb6
28. Qa2 Bb7 29. Qa5 Qxa5 30. Rxa5 Ra8 31. Rc5 Rc8 32. Rb5 Rc7 33. e4 f6 34. d5
Kf7 35. Rb6 Bc8 36. f4 Bf8 37. e5 fxe5 38. fxe5 e6 39. d6 Ra7 40. Rc6 Bd7 41.
Rxc4 Ke8 42. h4 Bh6 43. g4 Bc1 44. Bd4 Ra4 45. Rxc1 Rxb4 46. Ke3 Ra4 47. Rb1
Bc8 48. Rc1 Bd7 49. Rc7 Ra3+ 50. Bc3 Ra4 51. Kf3 h5 52. gxh5 Rxh4 53. hxg6 Rh6
54. Ra7 Rxg6 55. Ra8+ Kf7 56. Rd8 Bc6+ 57. Ke3 Rg8 58. Rxg8 1/2-1/2

[Event "Aeroflot Open 2016 B"]
[Site "Moscu RUS"]
[Date "2016.03.08"]
[Round "8.34"]
[White "Iniyan, P."]
[Black "Tologontegin, Semetey"]
[Result "1-0"]
[WhiteElo "2295"]
[BlackElo "2370"]
[PlyCount "71"]
[EventDate "2016.03.01"]
[EventType "swiss"]
[EventRounds "9"]
[EventCountry "RUS"]
[Source "lmi"]
[SourceDate "2016.03.01"]

1. d4 Nf6 2. c4 d6 3. Nc3 e5 4. Nf3 e4 5. Ng5 Qe7 6. g3 h6 7. Nh3 g5 8. Bg2 Bf5
9. f3 Bxh3 10. Bxh3 exf3 11. O-O fxe2 12. Nxe2 Bg7 13. d5 c5 14. Re1 O-O 15.
Nd4 Qc7 16. Nf5 Nbd7 17. b3 Rfe8 18. Rf1 Nh7 19. Rb1 Ne5 20. Qh5 f6 21. Bb2 Rf8
22. Bxe5 dxe5 23. d6 Qf7 24. Ne7+ Kh8 25. Ng6+ Kg8 26. Ne7+ Kh8 27. Qxf7 Rxf7
28. Ng6+ Kg8 29. Be6 Re8 30. Ne7+ Kf8 31. Ng6+ Kg8 32. d7 Rd8 33. Ne7+ Kf8 34.
Ng6+ Kg8 35. Rbd1 Bf8 36. Nxe5 1-0

[Event "Aeroflot Open 2016 B"]
[Site "Moscu RUS"]
[Date "2016.03.08"]
[Round "8.35"]
[White "Mirzoyan, David"]
[Black "Slavin, Alexey"]
[Result "1/2-1/2"]
[WhiteElo "2241"]
[BlackElo "2384"]
[PlyCount "92"]
[EventDate "2016.03.01"]
[EventType "swiss"]
[EventRounds "9"]
[EventCountry "RUS"]
[Source "lmi"]
[SourceDate "2016.03.01"]

1. c4 f5 2. Nf3 d6 3. d4 Nf6 4. g3 e6 5. Bg2 Be7 6. O-O O-O 7. Nc3 Ne4 8. Nxe4
fxe4 9. Ne1 d5 10. f3 dxc4 11. fxe4 Rxf1+ 12. Kxf1 Nc6 13. Be3 b5 14. Kg1 Qe8
15. Nf3 Bb7 16. Bf4 Qg6 17. a4 a6 18. axb5 axb5 19. Rxa8+ Bxa8 20. d5 Nb4 21.
Ne5 Qf6 22. Qd2 exd5 23. exd5 Bd6 24. Ng4 Qe7 25. Bg5 Qf7 26. e4 Nd3 27. Be3
Bb7 28. Nf2 Ne5 29. Bf4 Bc8 30. Kh1 h6 31. Qe2 Bd7 32. Be3 Qf8 33. Bf4 Qa8 34.
h3 Qa1+ 35. Kh2 Be8 36. Ng4 Bh5 37. Nxh6+ gxh6 38. Qxh5 Qxb2 39. Bxh6 Bf8 40.
Qg5+ Kh7 41. Qf5+ Kxh6 42. Qxf8+ Kg6 43. Qg8+ Kf6 44. Qh8+ Kg6 45. Qg8+ Kf6 46.
Qh8+ Kg6 1/2-1/2

[Event "Aeroflot Open 2016 B"]
[Site "Moscu RUS"]
[Date "2016.03.08"]
[Round "8.36"]
[White "Badmatsyrenov, Oleg"]
[Black "Kostromin, Mikhail"]
[Result "1-0"]
[WhiteElo "2475"]
[BlackElo "2322"]
[PlyCount "95"]
[EventDate "2016.03.01"]
[EventType "swiss"]
[EventRounds "9"]
[EventCountry "RUS"]
[Source "lmi"]
[SourceDate "2016.03.01"]

1. e4 c5 2. Nf3 d6 3. d4 cxd4 4. Nxd4 Nf6 5. Nc3 a6 6. f4 e5 7. Nf3 Nbd7 8. Qe2
Be7 9. g4 d5 10. exd5 e4 11. d6 Bxd6 12. Nxe4 Nxe4 13. Qxe4+ Be7 14. Bd2 Nc5
15. Qe3 Bxg4 16. Be2 Ne6 17. O-O-O Qc7 18. Qe4 Rc8 19. Kb1 g6 20. Bc3 O-O 21.
Rhg1 Bxf3 22. Bxf3 Qxf4 23. Qxf4 Nxf4 24. Be5 Rc5 25. Bxf4 Rf5 26. Bh6 Rxf3 27.
Bxf8 Kxf8 28. Rg2 Bc5 29. c3 a5 30. Kc2 b6 31. a3 f5 32. b4 axb4 33. axb4 Be3
34. Rd7 Rh3 35. Kd1 Bf4 36. Ra2 Ke8 37. Rb7 Rd3+ 38. Ke2 Re3+ 39. Kf2 Re7 40.
Ra8+ Kf7 41. Raa7 Rxb7 42. Rxb7+ Ke6 43. Rxb6+ Kd5 44. h3 Bd2 45. Rb5+ Ke4 46.
c4 Be3+ 47. Kf1 g5 48. Rb7 1-0

[Event "Aeroflot Open 2016 B"]
[Site "Moscu RUS"]
[Date "2016.03.08"]
[Round "8.37"]
[White "Abdulov, Orkhan"]
[Black "Gomes, Mary Ann"]
[Result "1-0"]
[WhiteElo "2354"]
[BlackElo "2312"]
[PlyCount "67"]
[EventDate "2016.03.01"]
[EventType "swiss"]
[EventRounds "9"]
[EventCountry "RUS"]
[Source "lmi"]
[SourceDate "2016.03.01"]

1. e4 c5 2. b3 Nc6 3. Bb2 e5 4. g3 d5 5. Bg2 d4 6. Ne2 Bd6 7. d3 Nf6 8. Nd2 Be6
9. Nf3 h6 10. O-O g5 11. c3 Nd7 12. cxd4 cxd4 13. Nd2 b5 14. f4 gxf4 15. gxf4
Bg4 16. h3 Bh5 17. f5 Rg8 18. Nf3 Qf6 19. Kh2 Ne7 20. Ng3 Rxg3 21. Kxg3 Nxf5+
22. exf5 e4+ 23. Kf2 exf3 24. Bxf3 Qh4+ 25. Ke2 Qe7+ 26. Kf2 Qe3+ 27. Kg2 Qf4
28. Qe2+ Kf8 29. Kh1 Re8 30. Bxh5 Rxe2 31. Rxf4 Rxb2 32. Rxd4 Ke7 33. Re1+ Ne5
34. f6+ 1-0

[Event "Aeroflot Open 2016 B"]
[Site "Moscu RUS"]
[Date "2016.03.08"]
[Round "8.38"]
[White "Lomasov, Semen"]
[Black "Musaev, Rasul"]
[Result "0-1"]
[WhiteElo "2350"]
[BlackElo "2297"]
[PlyCount "86"]
[EventDate "2016.03.01"]
[EventType "swiss"]
[EventRounds "9"]
[EventCountry "RUS"]
[Source "lmi"]
[SourceDate "2016.03.01"]

1. e4 e6 2. d4 d5 3. Nc3 Nf6 4. e5 Nfd7 5. f4 c5 6. Nf3 Nc6 7. Be3 Be7 8. Qd2
O-O 9. dxc5 Nxc5 10. O-O-O a6 11. Qf2 b6 12. f5 Kh8 13. Kb1 Ra7 14. a3 Rd7 15.
g4 Ne4 16. Nxe4 dxe4 17. Nd2 Nxe5 18. Be2 Bb7 19. Bxb6 Qb8 20. fxe6 fxe6 21.
Qe3 Bd5 22. Bd4 Nc6 23. Bc3 Bxa3 24. Bxg7+ Rxg7 25. Qxa3 Nb4 26. Nc4 Rc8 27.
Ne3 Ba2+ 28. Ka1 Rxc2 29. Rd4 a5 30. Qxa5 Nc6 31. Qxa2 Nxd4 32. Nxc2 Nxc2+ 33.
Kb1 Nd4 34. Qc4 e5 35. Bd1 Rb7 36. Qc3 Rc7 37. Qa5 Nb5 38. b3 Ra7 39. Qe1 Qa8
40. Kc1 Ra1+ 41. Kd2 Qd5+ 42. Ke2 Rxd1 43. Qb4 Qd3+ 0-1

[Event "Aeroflot Open 2016 B"]
[Site "Moscu RUS"]
[Date "2016.03.08"]
[Round "8.39"]
[White "Hojjatova, Aydan"]
[Black "Pustovoitova, Daria"]
[Result "0-1"]
[WhiteElo "2323"]
[BlackElo "2337"]
[PlyCount "64"]
[EventDate "2016.03.01"]
[EventType "swiss"]
[EventRounds "9"]
[EventCountry "RUS"]
[Source "lmi"]
[SourceDate "2016.03.01"]

1. e4 e6 2. d4 d5 3. Nd2 Nf6 4. e5 Nfd7 5. Bd3 c5 6. c3 Nc6 7. Ne2 cxd4 8. cxd4
f6 9. exf6 Nxf6 10. Nf3 Bd6 11. O-O O-O 12. Bf4 Bxf4 13. Nxf4 Ne4 14. Ne2 Rxf3
15. gxf3 Ng5 16. Kh1 e5 17. Qb3 Kh8 18. Bc2 Qf6 19. f4 exf4 20. f3 Bh3 21. Rf2
Re8 22. Rg1 h6 23. Qxb7 Bc8 24. Qc7 Nh3 25. Rfg2 Nxg1 26. Rxg1 Bh3 27. Bd3 Re3
28. Bb5 Nxd4 29. Nxd4 Qxd4 30. Qb8+ Kh7 31. Qf8 Rxf3 32. Be2 Re3 0-1

[Event "Aeroflot Open 2016 B"]
[Site "Moscu RUS"]
[Date "2016.03.08"]
[Round "8.40"]
[White "Elistratov, Semen"]
[Black "Li, Yankai"]
[Result "1-0"]
[WhiteElo "2335"]
[BlackElo "2175"]
[PlyCount "61"]
[EventDate "2016.03.01"]
[EventType "swiss"]
[EventRounds "9"]
[EventCountry "RUS"]
[Source "lmi"]
[SourceDate "2016.03.01"]

1. e4 c5 2. Nf3 e6 3. d4 cxd4 4. Nxd4 Nc6 5. Nc3 Qc7 6. Be3 a6 7. Qd2 Nf6 8. f4
d6 9. O-O-O Be7 10. Be2 O-O 11. g4 Nd7 12. g5 Nc5 13. Bf3 Rb8 14. Qf2 Nxd4 15.
Bxd4 b5 16. Kb1 b4 17. Ne2 a5 18. e5 d5 19. Ng3 a4 20. Nh5 b3 21. cxb3 axb3 22.
a3 Ne4 23. Bxe4 dxe4 24. Rc1 Qd8 25. Nf6+ Kh8 26. Rc3 Ba6 27. Rh3 Bd3+ 28. Ka1
e3 29. Nxh7 Kg8 30. Nf6+ Bxf6 31. Qh4 1-0

[Event "Aeroflot Open 2016 B"]
[Site "Moscu RUS"]
[Date "2016.03.08"]
[Round "8.41"]
[White "Spichkin, Alexander"]
[Black "Bashirli, Nail"]
[Result "0-1"]
[WhiteElo "2130"]
[BlackElo "2332"]
[PlyCount "62"]
[EventDate "2016.03.01"]
[EventType "swiss"]
[EventRounds "9"]
[EventCountry "RUS"]
[Source "lmi"]
[SourceDate "2016.03.01"]

1. d4 Nf6 2. Bf4 g6 3. Nf3 Bg7 4. e3 O-O 5. Be2 b6 6. O-O Bb7 7. c4 d6 8. Nc3
Nbd7 9. Qc2 c5 10. d5 Nh5 11. Bg5 h6 12. Bh4 g5 13. Nd2 gxh4 14. Bxh5 e6 15. e4
exd5 16. exd5 Qg5 17. Bd1 h3 18. g3 Rae8 19. Nf3 Qf6 20. Qd3 Re7 21. Ne4 Qg6
22. Bc2 Rfe8 23. Rae1 Ne5 24. Nxe5 Bxe5 25. Ba4 Rf8 26. f4 Bd4+ 27. Kh1 Bc8 28.
Qb1 Bf5 29. Bc2 Kh8 30. Re2 Rfe8 31. Rfe1 Qg4 0-1

[Event "Aeroflot Open 2016 B"]
[Site "Moscu RUS"]
[Date "2016.03.08"]
[Round "8.42"]
[White "Kulkarni, Rakesh"]
[Black "Von Meijenfeldt, Bart"]
[Result "1-0"]
[WhiteElo "2357"]
[BlackElo "2295"]
[PlyCount "53"]
[EventDate "2016.03.01"]
[EventType "swiss"]
[EventRounds "9"]
[EventCountry "RUS"]
[Source "lmi"]
[SourceDate "2016.03.01"]

1. e4 c5 2. c3 Nf6 3. e5 Nd5 4. d4 e6 5. Nf3 cxd4 6. cxd4 d6 7. Bc4 Be7 8. O-O
O-O 9. Qe2 b6 10. Bd2 Bb7 11. Re1 dxe5 12. dxe5 Nd7 13. Nc3 Nxc3 14. Bxc3 Nc5
15. Rac1 Ne4 16. Red1 Nxc3 17. Rxc3 Qb8 18. Rd7 Bb4 19. Ng5 Bxc3 20. Qd3 g6 21.
Qh3 h5 22. Nxf7 Qe8 23. Nd6 Qxd7 24. Bxe6+ Kh7 25. Bxd7 Bd4 26. Bf5 Kg7 27. Qg3
1-0

[Event "Aeroflot Open 2016 B"]
[Site "Moscu RUS"]
[Date "2016.03.08"]
[Round "8.43"]
[White "Aslanov, Farid"]
[Black "Oganisian, Roman"]
[Result "1/2-1/2"]
[WhiteElo "2171"]
[BlackElo "2337"]
[PlyCount "113"]
[EventDate "2016.03.01"]
[EventType "swiss"]
[EventRounds "9"]
[EventCountry "RUS"]
[Source "lmi"]
[SourceDate "2016.03.01"]

1. d4 Nf6 2. Nf3 c5 3. c4 g6 4. Nc3 Bg7 5. g3 O-O 6. Bg2 Na6 7. O-O d6 8. b3
Bf5 9. Bb2 Ne4 10. Nd5 Rb8 11. Ne3 Bd7 12. Qb1 Nf6 13. Rd1 b5 14. dxc5 Nxc5 15.
Nd4 bxc4 16. Nxc4 Qc8 17. Qc2 Qa6 18. Qd2 d5 19. Ne5 Nfe4 20. Bxe4 Nxe4 21. Qd3
Qxd3 22. Nxd3 Rfc8 23. Rac1 e5 24. Nf3 f6 25. Rxc8+ Rxc8 26. Rc1 d4 27. Rxc8+
Bxc8 28. Kf1 Nc3 29. Bxc3 dxc3 30. Nb4 a5 31. Nc2 Bf5 32. Nfe1 Bh3+ 33. Kg1 Be6
34. Nd3 Bf8 35. Kf1 e4 36. Nf4 Bf7 37. e3 a4 38. Nd4 axb3 39. axb3 c2 40. Nxc2
Bxb3 41. Nd4 Bc4+ 42. Kg2 Kf7 43. Nfe2 f5 44. h4 Kf6 45. Nf4 Bc5 46. Nde2 h6
47. Ng1 g5 48. hxg5+ hxg5 49. Nfe2 Ke5 50. Nc3 Bb4 51. Nce2 Bc5 52. Nc3 Ba3 53.
Nce2 Bb2 54. Kf1 Bc3 55. Nh3 Kf6 56. Nhg1 Ke5 57. Nh3 1/2-1/2

[Event "Aeroflot Open 2016 B"]
[Site "Moscu RUS"]
[Date "2016.03.08"]
[Round "8.44"]
[White "Yuan, Ye"]
[Black "Erzhanov, Arman"]
[Result "1-0"]
[WhiteElo "2140"]
[BlackElo "2305"]
[PlyCount "49"]
[EventDate "2016.03.01"]
[EventType "swiss"]
[EventRounds "9"]
[EventCountry "RUS"]
[Source "lmi"]
[SourceDate "2016.03.01"]

1. d4 Nf6 2. c4 e6 3. g3 c5 4. d5 exd5 5. cxd5 b5 6. e4 Nxe4 7. Qe2 Qe7 8. Bg2
Nd6 9. Be3 Na6 10. Nc3 b4 11. Nb5 Nxb5 12. d6 Nxd6 13. Bxa8 Nc7 14. Bg2 Ba6 15.
Qc2 Nc4 16. O-O-O Nxe3 17. fxe3 Qxe3+ 18. Kb1 Ne6 19. Nf3 Qe2 20. Rd2 Qb5 21.
Ne5 Bc8 22. Qf5 f6 23. Qh5+ Ke7 24. Qf7+ Kd8 25. Bc6 1-0

[Event "Aeroflot Open 2016 B"]
[Site "Moscu RUS"]
[Date "2016.03.09"]
[Round "9.1"]
[White "Demidov, Mikhail"]
[Black "Rozum, Ivan"]
[Result "1/2-1/2"]
[WhiteElo "2490"]
[BlackElo "2543"]
[PlyCount "30"]
[EventDate "2016.03.01"]
[EventType "swiss"]
[EventRounds "9"]
[EventCountry "RUS"]
[Source "lmi"]
[SourceDate "2016.03.01"]

1. d4 Nf6 2. Nf3 e6 3. e3 b6 4. c4 Bb7 5. Bd3 d5 6. Nc3 Bd6 7. cxd5 exd5 8.
Qa4+ Nbd7 9. Ba6 Qc8 10. Bxb7 Qxb7 11. Ne5 Bxe5 12. dxe5 Ne4 13. Nxe4 dxe4 14.
e6 fxe6 15. b4 b5 1/2-1/2

[Event "Aeroflot Open 2016 B"]
[Site "Moscu RUS"]
[Date "2016.03.09"]
[Round "9.2"]
[White "Lugovskoy, Maxim"]
[Black "Iljiushenok, Ilia"]
[Result "0-1"]
[WhiteElo "2499"]
[BlackElo "2479"]
[PlyCount "78"]
[EventDate "2016.03.01"]
[EventType "swiss"]
[EventRounds "9"]
[EventCountry "RUS"]
[Source "lmi"]
[SourceDate "2016.03.01"]

1. d4 d5 2. Nc3 Nf6 3. Bf4 Bf5 4. f3 e6 5. g4 Bg6 6. h4 h5 7. g5 Nfd7 8. e4
dxe4 9. fxe4 Bb4 10. Bg2 e5 11. dxe5 Bxc3+ 12. bxc3 Nc6 13. Ne2 Ncxe5 14. O-O
O-O 15. Rb1 b6 16. Ng3 Ng4 17. Bf3 Nde5 18. Bxe5 Nxe5 19. Bxh5 Bxh5 20. Nxh5
Qe7 21. Nf4 Rad8 22. Qe1 Rfe8 23. Qf2 Ng4 24. Qf3 Qc5+ 25. Kh1 Ne5 26. Qg2 c6
27. h5 Qxc3 28. Rb3 Qc4 29. Rg1 Rd4 30. Re3 Qxa2 31. g6 f5 32. h6 gxh6 33. Nh5
Qe6 34. Rf1 Ng4 35. Ref3 Rxe4 36. Rxf5 Ne3 37. Nf6+ Qxf6 38. Rxf6 Nxg2 39. Kxg2
R4e6 0-1

[Event "Aeroflot Open 2016 B"]
[Site "Moscu RUS"]
[Date "2016.03.09"]
[Round "9.3"]
[White "Diermair, Andreas"]
[Black "Chigaev, Maksim"]
[Result "1/2-1/2"]
[WhiteElo "2450"]
[BlackElo "2543"]
[PlyCount "119"]
[EventDate "2016.03.01"]
[EventType "swiss"]
[EventRounds "9"]
[EventCountry "RUS"]
[Source "lmi"]
[SourceDate "2016.03.01"]

1. Nf3 Nf6 2. c4 g6 3. Nc3 Bg7 4. e4 O-O 5. d4 d6 6. Be2 Nbd7 7. O-O e5 8. Be3
c6 9. d5 c5 10. Kh1 Kh8 11. Ne1 Ng8 12. Nd3 f5 13. f4 Qe7 14. exf5 gxf5 15.
fxe5 Nxe5 16. Nxe5 Bxe5 17. Qd2 Bd7 18. Rae1 Qh4 19. Bf4 Rae8 20. g3 Bxf4 21.
Rxf4 Qg5 22. Ref1 Re5 23. Bd3 Rfe8 24. R4f2 Qxd2 25. Rxd2 Nf6 26. Rf4 Re1+ 27.
Kg2 Ng4 28. h3 Ne5 29. Be2 Ng6 30. Rf1 Rxf1 31. Bxf1 f4 32. g4 Kg7 33. Kf2 Ne5
34. Re2 a6 35. Re4 Rf8 36. a4 Kg6 37. Re1 Kg7 38. Ne4 Nf7 39. b3 h5 40. gxh5
Bf5 41. Bd3 Ne5 42. Bb1 Bxe4 43. Bxe4 Kh6 44. Bg6 a5 45. Rg1 f3 46. Be4 Rf4 47.
Ke3 Rh4 48. Bxf3 Rxh3 49. Rf1 Kg5 50. Ke2 Rh2+ 51. Rf2 Nxf3 52. Kxf3 Rxf2+ 53.
Kxf2 Kxh5 54. Kf3 Kg5 55. Kg3 Kf5 56. Kf3 Ke5 57. Ke3 b6 58. Kd3 Kf4 59. Kd2
Ke4 60. Ke2 1/2-1/2

[Event "Aeroflot Open 2016 B"]
[Site "Moscu RUS"]
[Date "2016.03.09"]
[Round "9.4"]
[White "Harutyunian, Tigran K"]
[Black "Gabrielian, Artur"]
[Result "1-0"]
[WhiteElo "2426"]
[BlackElo "2512"]
[PlyCount "71"]
[EventDate "2016.03.01"]
[EventType "swiss"]
[EventRounds "9"]
[EventCountry "RUS"]
[Source "lmi"]
[SourceDate "2016.03.01"]

1. Nf3 c5 2. c4 Nc6 3. Nc3 g6 4. e3 Bg7 5. d4 cxd4 6. exd4 d6 7. d5 Nb8 8. Bd3
Nf6 9. O-O O-O 10. h3 Na6 11. Re1 Re8 12. Bf4 Bd7 13. Qd2 Rc8 14. Bf1 Nc5 15.
Rac1 Qb6 16. b3 a5 17. Nd4 a4 18. Rb1 axb3 19. axb3 Qb4 20. Be3 Bf5 21. Nxf5
gxf5 22. Qc2 e6 23. Bd2 Qb6 24. b4 Nce4 25. Be3 Qd8 26. dxe6 fxe6 27. Nb5 Nd5
28. Bd4 Bxd4 29. Nxd4 Qb6 30. Nf3 Ndf6 31. Qb2 Ra8 32. Ng5 Ra4 33. Bd3 Rea8 34.
Bxe4 Nxe4 35. Nxe4 Ra2 36. Qf6 1-0

[Event "Aeroflot Open 2016 B"]
[Site "Moscu RUS"]
[Date "2016.03.09"]
[Round "9.5"]
[White "Vavulin, Maksim"]
[Black "Paravyan, David"]
[Result "1-0"]
[WhiteElo "2456"]
[BlackElo "2506"]
[PlyCount "119"]
[EventDate "2016.03.01"]
[EventType "swiss"]
[EventRounds "9"]
[EventCountry "RUS"]
[Source "lmi"]
[SourceDate "2016.03.01"]

1. e4 c5 2. Nf3 d6 3. d4 cxd4 4. Nxd4 Nf6 5. Nc3 a6 6. Be3 e5 7. Nb3 Be7 8. h3
h6 9. f4 b5 10. fxe5 dxe5 11. Qxd8+ Bxd8 12. Bd3 Nbd7 13. a4 b4 14. Nb1 a5 15.
N1d2 Bb6 16. Kf2 O-O 17. Rhc1 Bc7 18. Bb5 Bb7 19. c3 bxc3 20. Rxc3 Rfc8 21.
Rac1 Bd8 22. Rxc8 Bxc8 23. Rc6 Nf8 24. Nc5 Be7 25. Nd3 Ng6 26. Rc7 Bd8 27. Ra7
Rxa7 28. Bxa7 Bb7 29. Ke3 Nh5 30. Nf3 Bc7 31. Nc5 Ba8 32. Nd7 Nhf4 33. Ne1 Ne7
34. Bc5 Nc6 35. Nb6 Bb7 36. Nd5 Ne6 37. Ba3 Bd8 38. Bd6 Ned4 39. Bc4 Kh7 40.
Nd3 Bg5+ 41. Kf2 f5 42. Nc5 Bc8 43. Nb6 Ne7 44. Nxc8 Nxc8 45. Bxe5 Nc6 46. Bc3
Bd8 47. Ne6 Bb6+ 48. Kf3 Nd6 49. Bd3 g6 50. exf5 gxf5 51. Kf4 Kg6 52. Nf8+ Kf7
53. Nd7 Bc7 54. Ne5+ Nxe5 55. Bxe5 Ke6 56. Bxf5+ Kd5 57. Bd7 Bd8 58. Bc3 Bg5+
59. Kf3 Nc4 60. Bb5 1-0